|
|
|
|
| LEADER |
01045nam a2200253 a 4500 |
| 001 |
000531778 |
| 003 |
CZ BrMZK |
| 005 |
20220914140656.0 |
| 007 |
ta |
| 008 |
010907s1990 xr a f 000 m cze d |
| 020 |
|
|
|a 80-900030-2-8
|q (Brož.)
|
| 040 |
|
|
|a BOA001
|b cze
|
| 080 |
|
|
|a 502/504(437.193)(063)
|2 MRF
|
| 245 |
0 |
0 |
|a Ekologie a ekonomika Třeboňska po deseti letech :
|b Odb. kolokvium Třeboň 24.-27. října 1988, Botanický ústav ČSAV - úsek ekologie rostlin... [aj.] : [sborník] výsledků.
|n Sv. 2 /
|c uspoř. S. Přibyl, J. Janda, J. Jeník
|
| 260 |
|
|
|a Třeboň :
|b [s.n.],
|c 1990
|
| 300 |
|
|
|a S. 197-371
|
| 504 |
|
|
|a Obsahuje bibliografii
|
| 700 |
1 |
|
|a Přibyl, Stanislav,
|c ekolog
|4 com
|
| 700 |
1 |
|
|a Jeník, Jan,
|d 1929-2022
|7 jk01051458
|4 com
|
| 700 |
1 |
|
|a Janda, Jiří,
|d 1958-1994
|7 jo2005259886
|4 com
|
| 910 |
|
|
|a BOA001
|b 4-0973.893,2
|
| 964 |
|
|
|a Prostředí životní - ekonomika - Třeboňsko - r. 1978-1988
|
| 990 |
|
|
|a BK
|
| 996 |
7 |
|
|b 2619695376
|c 4-0973.893,2
|l MZK
|r Sklad / do 1 hodiny
|n 11
|w 000531778
|u 000010
|a 1
|e BOA001
|j MZK50
|s A
|